Кн. 2; Порт-Артур

Xehetasun bibliografikoak
Parent link:Порт-Артур: роман: в 2 кн./ А. Н. Степанов.— , 1986
Hizkuntza:errusiera
Argitaratua: 1986
Gaiak:
Formatua: Liburua
KOHA link:https://koha.lib.tpu.ru/cgi-bin/koha/opac-detail.pl?biblionumber=292403

MARC

LEADER 00000nam2a2200000 4500
001 292403
005 20231102000506.0
035 |a (RuTPU)RU\TPU\book\317023 
035 |a RU\TPU\book\117675 
090 |a 292403 
100 |a 20150422d1986 m y0rusy50 ca 
101 0 |a rus 
102 |a RU 
105 |a y z 000ay 
200 0 |a Кн. 2 
210 |d 1986 
215 |a 672 с. 
461 1 |0 (RuTPU)RU\TPU\book\317016  |t Порт-Артур  |o роман: в 2 кн.  |f А. Н. Степанов  |d 1986 
606 1 |a Русская литература современная  |2 stltpush  |3 (RuTPU)RU\TPU\subj\26373  |9 50316 
610 1 |a советская литература 
610 1 |a история 
610 1 |a Россия 
610 1 |a Порт-Артур 
610 1 |a художественная литература 
675 |a Р2  |v 3 
801 1 |a RU  |b 63413507  |c 20070130  |g PSBO 
801 2 |a RU  |b 63413507  |c 20210218  |g PSBO 
942 |c BK